000 00362pab a2200145 454500
008 180718b2015 xxu||||| |||| 00| 0 eng d
100 _aDeshpande, R.S.
245 _aSimplicity incarnate: remembering V M Rao
260 _c2015
300 _ap.24-26.
362 _a1 Aug
650 _aRao, V.M.
773 _aEconomic and Political Weekly
909 _a108699
999 _c108694
_d108694